[Event "AUTO-MASTER-2512"]
[Site "http://www.queenalice.com/game.php?id=1441425"]
[Date "2016.9.16"]
[Round "1"]
[White "novoselic"]
[Black "Duncan"]
[Result "0-1"]
[WhiteElo "1913"]
[BlackElo "2005"]

1. e4 c5 2. d4 cxd4 3. c3 d3 4. Bxd3 Nc6 5. f4 d6 6. Nf3 Nf6 7. O-O g6 8. Na3
Bg7 9. Nc2 Qb6+ 10. Kh1 Ng4 11. Nfd4 e5 12. Nxc6 bxc6 13. f5 Nf2+ 14. Rxf2 Qxf2
15. Be3 Qh4 16. Nb4 Bb7 17. g3 Qe7 18. Qg4 a5 19. Nc2 O-O 20. Rf1 gxf5 21. exf5
f6 22. Kg1 Kh8 23. Ne1 Rg8 24. Qh5 Qe8 25. Qh4 Qf7 26. Nf3 d5 27. Be2 Bf8 28.
Kf2 c5 29. g4 d4 0-1

[Event "AUTO-MASTER-2512"]
[Site "http://www.queenalice.com/game.php?id=1441440"]
[Date "2016.9.16"]
[Round "1"]
[White "Newcobos"]
[Black "novoselic"]
[Result "1-0"]
[WhiteElo "2273"]
[BlackElo "1915"]

1. e4 c5 2. Nf3 d6 3. d4 cxd4 4. Nxd4 Nf6 5. Nc3 g6 6. Be2 Bg7 7. Be3 Nc6 8. Qd2
O-O 9. O-O-O Nxd4 10. Bxd4 Be6 11. h4 h5 12. Kb1 Rc8 13. f3 a6 14. g4 b5 15. Nd5
Bxd5 16. exd5 Qc7 17. c3 1-0

[Event "AUTO-MASTER-2512"]
[Site "http://www.queenalice.com/game.php?id=1441441"]
[Date "2016.9.16"]
[Round "1"]
[White "novoselic"]
[Black "Newcobos"]
[Result "0-1"]
[WhiteElo "1755"]
[BlackElo "2260"]

1. e4 c5 2. d4 cxd4 3. c3 d5 4. exd5 Qxd5 5. cxd4 Nc6 6. Nf3 Bg4 7. Be3 e5 8.
Be2 Bb4+ 9. Nbd2 exd4 10. Nxd4 Bxe2 11. Qxe2 Nge7 12. Nb3 Qxg2 13. O-O-O O-O-O
14. Rhg1 Qxh2 15. Rxg7 Qc7 16. Kb1 Nd5 0-1

[Event "AUTO-MASTER-2512"]
[Site "http://www.queenalice.com/game.php?id=1441452"]
[Date "2016.9.16"]
[Round "1"]
[White "novoselic"]
[Black "dadge"]
[Result "0-1"]
[WhiteElo "1742"]
[BlackElo "1903"]

1. e4 e5 2. Nf3 Nc6 3. d4 exd4 4. Nxd4 Nxd4 5. Qxd4 d6 6. Nc3 Nf6 7. Bg5 Be7 8.
O-O-O O-O 9. Bc4 Be6 10. e5 dxe5 11. Qxe5 Qc8 12. f3 Nd7 13. Rxd7 Bxg5+ 14. Qxg5
Qxd7 15. Bd3 h6 16. Qh5 Rad8 17. g4 Qe7 18. f4 Qf6 19. Rf1 Rxd3 20. cxd3 Qg6 21.
f5 Qxh5 22. gxh5 Bd7 23. f6 gxf6 24. Rxf6 Kg7 25. Rf3 Bc6 26. Rg3+ Kh7 27. Kd2
f5 28. Ne2 f4 29. Rg6 f3 30. Ng3 Be8 31. Re6 f2 32. Ke2 f1=Q+ 33. Nxf1 Bxh5+ 34.
Ke1 Rf7 35. Ng3 Bg6 36. Ne4 Kg7 37. Ke2 b6 0-1

[Event "AUTO-MASTER-2512"]
[Site "http://www.queenalice.com/game.php?id=1441453"]
[Date "2016.9.16"]
[Round "1"]
[White "dadge"]
[Black "novoselic"]
[Result "1-0"]
[WhiteElo "2118"]
[BlackElo "1802"]

1. e4 d6 2. d4 Nf6 3. Nc3 g6 4. Be3 Bg7 5. Qd2 O-O 6. Be2 c6 7. Nf3 Nbd7 8. Bh6
c5 9. Bxg7 Kxg7 10. Qf4 cxd4 11. Nxd4 e5 12. Nf5+ gxf5 13. Qxf5 Rg8 14. O-O-O
Qe7 15. f3 Nc5 16. Qg5+ Kh8 17. Qh4 Be6 18. g4 Rac8 19. Qf2 Qc7 20. Kb1 a6 21.
h4 b5 22. Rd2 b4 23. Nd5 a5 24. Nxc7 Rxc7 25. Rxd6 Rgc8 26. Rhd1 a4 27. Bb5 b3
28. Rd8+ 1-0

[Event "AUTO-OPEN-3705"]
[Site "http://www.queenalice.com/game.php?id=1441486"]
[Date "2016.9.16"]
[Round "1"]
[White "Fischercat"]
[Black "novoselic"]
[Result "0-1"]
[WhiteElo "1783"]
[BlackElo "1819"]

1. e3 e5 2. Bc4 Nf6 3. Nf3 d5 4. Bb3 Nc6 5. Nc3 e4 6. Nd4 Nxd4 7. exd4 c6 8. d3
Qe7 9. O-O exd3 10. Qxd3 g6 11. Bg5 Bg7 12. Rfe1 Be6 13. f4 O-O-O 14. Na4 h6 15.
Bxf6 Qxf6 16. c3 Bf5 17. Qd2 Be4 18. Nc5 Rde8 19. Nxe4 dxe4 20. Re3 g5 21. f5
Qxf5 22. Rf1 Qg4 23. Rxf7 Bf8 24. Qe2 Qxe2 25. Rxe2 Bd6 26. Re3 Bf4 27. Re2 e3
28. g3 Bd6 29. Rf3 c5 30. Rfxe3 Rxe3 31. Rxe3 h5 32. dxc5 Bxc5 0-1

[Event "AUTO-OPEN-3705"]
[Site "http://www.queenalice.com/game.php?id=1441487"]
[Date "2016.9.16"]
[Round "1"]
[White "novoselic"]
[Black "Fischercat"]
[Result "1-0"]
[WhiteElo "1854"]
[BlackElo "1798"]

1. e4 e5 2. Nf3 d6 3. d4 exd4 4. Qxd4 Nc6 5. Bb5 Bd7 6. Bxc6 Bxc6 7. Nc3 Be7 8.
Bf4 f6 9. O-O-O Qd7 10. Rhe1 O-O-O 11. Qxa7 b6 12. Nb5 Bb7 13. Nfd4 c6 14. Rd3
Nh6 15. Nxc6 Bxc6 16. Rc3 Qxa7 17. Nxa7+ Kd7 18. Nxc6 Rc8 19. Bxh6 Rxc6 20. Bxg7
Rg8 21. Rg3 Rc5 22. Rd1 1-0

[Event "AUTO-OPEN-3705"]
[Site "http://www.queenalice.com/game.php?id=1441510"]
[Date "2016.9.16"]
[Round "1"]
[White "novoselic"]
[Black "Lopesq"]
[Result "0-1"]
[WhiteElo "1793"]
[BlackElo "2031"]

1. f4 Nf6 2. Nf3 d5 3. e3 c6 4. Be2 h6 5. O-O Bf5 6. b3 e6 7. Bb2 Nbd7 8. Ne5
Be7 9. d3 a6 10. Nd2 c5 11. Ndf3 O-O 12. Qe1 Rc8 13. Nxd7 Nxd7 14. Nd2 Nf6 15.
Bf3 b6 16. e4 dxe4 17. dxe4 Bg6 18. Rd1 Qe8 19. e5 Nd7 20. Ne4 Bxe4 21. Bxe4 Kh8
22. Rd3 g6 23. Rh3 Kg7 24. f5 Rh8 25. f6+ Kf8 0-1

[Event "AUTO-OPEN-3705"]
[Site "http://www.queenalice.com/game.php?id=1441511"]
[Date "2016.9.16"]
[Round "1"]
[White "Lopesq"]
[Black "novoselic"]
[Result "0-1"]
[WhiteElo "2064"]
[BlackElo "1871"]

1. d4 Nf6 2. Nf3 d5 3. c3 e6 4. Bg5 Be7 5. Nbd2 O-O 6. e3 c5 7. dxc5 Nc6 8. b3
Bxc5 9. Be2 h6 10. Bh4 e5 11. b4 Bd6 12. a4 e4 13. Ng1 Be5 14. h3 Bxc3 15. Rb1
Nxb4 16. Kf1 g5 17. Bg3 Be6 18. Nb3 b6 19. Nd4 Rc8 20. h4 Nh7 21. h5 Qf6 22. Bd6
Bd7 23. Bxf8 Nxf8 24. Bg4 Nd3 25. Bxd7 Qxf2# 0-1

[Event "AUTO-OPEN-3275"]
[Site "http://www.queenalice.com/game.php?id=1444806"]
[Date "2016.10.8"]
[Round "2"]
[White "novoselic"]
[Black "Licaon86"]
[Result "0-1"]
[WhiteElo "1844"]
[BlackElo "2330"]

1. e4 e6 2. d4 d5 3. Nc3 Bb4 4. e5 c5 5. a3 Bxc3+ 6. bxc3 Qc7 7. Qg4 Ne7 8. Qxg7
Rg8 9. Qxh7 cxd4 10. Ne2 Nbc6 11. f4 Bd7 12. Qd3 dxc3 13. h4 Nf5 14. h5 O-O-O
15. h6 Rg6 16. Qf3 Nxh6 17. Be3 Nf5 18. Bf2 Rdg8 19. Nxc3 Qa5 20. Kd1 Ng3 21.
Bxg3 Rxg3 0-1

[Event "AUTO-MASTER-2452"]
[Site "http://www.queenalice.com/game.php?id=1450938"]
[Date "2016.11.19"]
[Round "2"]
[White "LAIRE"]
[Black "novoselic"]
[Result "1-0"]
[WhiteElo "2156"]
[BlackElo "1730"]

1. d4 Nf6 2. c4 c5 3. d5 e6 4. Nc3 exd5 5. cxd5 d6 6. e4 g6 7. Bd3 Bg7 8. Nge2
O-O 9. O-O a6 10. a4 Bg4 11. f3 Bd7 12. Qe1 Re8 13. Ng3 h5 14. Be3 Kh7 15. Qd2
Qc7 16. Nge2 1-0

[Event "AUTO-MASTER-2452"]
[Site "http://www.queenalice.com/game.php?id=1450939"]
[Date "2016.11.19"]
[Round "2"]
[White "novoselic"]
[Black "LAIRE"]
[Result "0-1"]
[WhiteElo "1732"]
[BlackElo "2155"]

1. e4 e6 2. d4 d5 3. Nc3 Nf6 4. Bg5 Bb4 5. e5 h6 6. Bd2 Bxc3 7. bxc3 Ne4 8. Qg4
Kf8 9. Bd3 Nxd2 10. Kxd2 c5 11. Nf3 c4 12. Be2 b5 13. Rhb1 Bd7 14. h4 a5 15. Qf4
Na6 16. g4 Qe7 0-1